MCGRAW HILL ENGINEERING OF SCIENCE AND TECHNOLOGY VOLUME - 3 CHA-CYT (Record no. 583575)
[ view plain ]
| 000 -LEADER | |
|---|---|
| fixed length control field | 00319nam a22001217a 4500 |
| 020 ## - INTERNATIONAL STANDARD BOOK NUMBER | |
| International Standard Book Number | 07-079798-6 |
| 082 ## - DEWEY DECIMAL CLASSIFICATION NUMBER | |
| Classification number | 503.21 MCG'I |
| 100 ## - MAIN ENTRY--PERSONAL NAME | |
| Personal name | INTERNATIONAL |
| 9 (RLIN) | 10648 |
| 245 ## - TITLE STATEMENT | |
| Title | MCGRAW HILL ENGINEERING OF SCIENCE AND TECHNOLOGY VOLUME - 3 CHA-CYT |
| 260 ## - PUBLICATION, DISTRIBUTION, ETC. | |
| Place of publication, distribution, etc. | NEWYORK |
| Name of publisher, distributor, etc. | MCGRAW HILL |
| Date of publication, distribution, etc. | 1971 |
| 300 ## - PHYSICAL DESCRIPTION | |
| Extent | 710P |
| 942 ## - ADDED ENTRY ELEMENTS (KOHA) | |
| Koha item type | Book |
| Withdrawn status | Lost status | Damaged status | Not for loan | Permanent Location | Current Location | Shelving location | Date acquired | Total Checkouts | Full call number | Barcode | Date last seen | Price effective from | Koha item type |
|---|---|---|---|---|---|---|---|---|---|---|---|---|---|
| College of Electrical & Mechanical Engineering (CEME) | College of Electrical & Mechanical Engineering (CEME) | General Stacks | 06/15/2017 | 503.21 MCG'I | CEME-8227 | 06/28/2021 | 06/28/2021 | Book |
